000 01578cam a2200169 4500500
005 20260405004709.0
041 _afre
042 _adc
100 1 0 _aYoung, James E.
_eauthor
700 1 0 _aMartin, Lucille
_eauthor
245 0 0 _aDevant la douleur des femmes
260 _c2026.
500 _a13
520 _aThe title, a variation on Susan Sontag’s regarding the pain of others, is meant as an homage to Sontag and as an extension of her searing critique of war photography and its reflexive objectification of suffering, its conversion of victims into objets d’art. But why, in particular, the pain of women Holocaust victims here? Because we have finally begun to amass a large and profound critical literature on gender and the Holocaust, which, alongside Sontag’s work on photography, might help us look at how and why the public gaze of photographers, curators, historians, and museumgoers continues to turn women into objects of memory, idealized casts of perfect suffering and victimization, and even emblems of larger Jewish suffering during the Holocaust. In this essay, the author explores our relationship to these hardened idealizations of women in the arts of Holocaust memory, for he has found that in ”regarding the pain of women,” we often split these women off from their own lives and deaths, their own stories and experiences.
786 0 _nRevue d’Histoire de la Shoah | 223 | 1 | 2026-03-11 | p. 293-310 | 2111-885X
856 4 1 _uhttps://shs.cairn.info/revue-revue-dhistoire-de-la-shoah-2026-1-page-293?lang=fr&redirect-ssocas=7080
999 _c2077653
_d2077653